| 000 | 00390nam a2200157Ia 4500 | ||
|---|---|---|---|
| 008 | 221030s9999 xx 000 0 und d | ||
| 020 | _a8176563404 | ||
| 041 | _aEnglish | ||
| 082 |
_a105.23 _bGer |
||
| 100 | _aB. Gerber | ||
| 245 | 0 |
_aMastering Microsoft Exchange 2000 Server _cby B. Gerber |
|
| 260 |
_bBPB Pub _aNew Delhi _c2000 |
||
| 300 | _a670 | ||
| 650 | _aBE Computer | ||
| 942 | _cBK | ||
| 999 |
_c8517 _d8517 |
||